zpět

Detail výsledku týmu

Pivní bar u Truta, Trutnov

Datum a čas kvízu

37 Celkem bodů Celkový počet nahraných bodů na tomto kvízu bez doplňovacích otázek.
2. Pořadí na kvízu Konečné umístění týmu na tomto kvízu.

Zaznamenané odpovědi

# Otázka Odpověď Body Výsledky
1. Poslední květnový den vyvrchol... bábovka (#babovkovyden) 1
2. Kolumbijský parlament odhlasov... D) býčích zápasů 0
3. Jednu miliardu dolarů. Tolik j... Queen 1
4. Minulý týden oznámili organizá... v Ženevě 0
5. Minulý týden se dostala do méd... David Limberský 1
6. Kterým výrazem na písmeno M se... mixologie 1
7. Ernest Hemingway měl údajně v... Daiquiri 0
8. Oblíbenou složkou míchaných ná... pomeranči 1
9. Hlavní hrdina filmu Big Lebows... White Russian (Bílý Rus, Bílý medvěd) 1
10. V poslední otázce se podíváme... vaječný likér; griotku 0.5